Maintenance controlling – optimized controlling through the balanced scorecard
Uložené v:
| Hlavný autor: | |
|---|---|
| Médium: | Kapitola |
| Jazyk: | German |
| Predmet: | |
| Tagy: |
Žiadne tagy, Buďte prvý, kto otaguje tento záznam!
|
MARC
| LEADER | 00000nla a2200000 4500 | ||
|---|---|---|---|
| 001 | 0226708 | ||
| 005 | 20240502073732.9 | ||
| 041 | 0 | |a ger | |
| 044 | |a SK | ||
| 245 | 1 | 0 | |a Maintenance controlling – optimized controlling through the balanced scorecard |c Simon Schmidt |
| 610 | 2 | 0 | |a kontroling |
| 610 | 2 | 0 | |a kontroling vnútropodnikový |
| 610 | 2 | 0 | |a metóda BSC |
| 610 | 2 | 0 | |a riadenie strategické |
| 100 | 1 | |a Schmidt, Simon | |